Statistiques concernant Focus sur: Lily Potter - Harry Potter

Cliquez ici pour prendre le quiz!

Statistiques générales

  • Ce quiz a été pris 446 fois
  • Le résultat moyen est 9 sur 11

Statistiques - réponses

Informations recherchéesRéponses% Correct
FilsHarry Potter
99%
ÉpouxJames Potter
99%
Ecole fréquentéePoudlard
99%
Maison fréquentéeGryffondor
98%
SœurPétunia Dursley
96%
Statut du sangNée-Moldue
95%
PatronusBiche
93%
Première mentionHarry Potter à l'école des sorciers
93%
Couleur des cheveuxRoux
89%
Actrice l'interprétant dans les filmsGeraldine Somerville
22%
Bois de la baguetteSaule
20%

Distribution des résultats

Percentile par nombre de réponses

% des personnes avec chaque résultat

Votre développement - résultats

Vous n’avez pas pris ce quiz